00748nam a2200229 a 450000100060000000300090000600500170001500800410003202000150007304000280008804100080011604300180012410000340014224501070017625000480028326000320033130000260036349000190038952100430040865000310045170000360048224658CO-ViMGA20230915232012.0141112s2004 ck r 000 u spa d a8420540358 aCO-ViMGAbspacCO-ViMGA aspa ae - sp - - - 1 aGómez Ojea, Carmen, 1945 - 10aEl verano en que Iveta aprendió a bailar / cCarmen Gómez Ojea ; ilustraciones de Tesa González. a2a. ed. Editora Ana María Maestre Casas. aMadrid : bPearson, c2003. a82 p. : il. ; 20 cm. aAlhambra ; 16 aRecomendado para mayores de 10 años.14aNovela juvenil española.1 aMaestre Casas, Ana María, ed.